[Event "Campeonato de Aragon por Equipos 2009"]
[Site "Aragon"]
[Date "2009.02.07"]
[Round "3.2"]
[White "Glaria Murillo Christian"]
[Black "Antoli Royo Joaquin Miguel"]
[Result "0-1"]
[WhiteElo "2323"]
[BlackElo "2154"]

1.e4 c5 2.Nc3 e6 3.g3 d5 4.exd5 exd5 5.Bg2 Nf6 6.d3 Be7 7.Nge2 O-O 8.O-O d4 9.
Ne4 Nxe4 10.dxe4 Nc6 11.Nf4 Bd6 12.a3 Re8 13.Nd5 Be6 14.c4 f5 15.f4 Bf8 16.Qc2
Qd7 17.Bd2 Kh8 18.Rfe1 Rad8 19.Qd3 Ne7 20.Nxe7 Rxe7 21.exf5 Bxf5 22.Rxe7 Bxe7
23.Be4 Bxe4 24.Qxe4 Bf6 25.Qd3 a6 26.a4 Re8 27.b3 h6 28.Re1 Rb8 29.f5 b5 30.
axb5 axb5 31.Re6 bxc4 32.bxc4 Qb7 33.Qe2 Qb1+ 34.Kg2 Qxf5 35.Bf4 Rb3 36.Re8+
Kh7 37.Qa2 Qd3 38.Qa8 Rb2+ 39.Kh3 Qf5+ 40.g4 Qd3+ 41.Be3 Qf1+ 42.Kg3 Bh4+ 43.
Kxh4 Rxh2+ 44.Kg3 Rh3# 0-1

[Event "Campeonato de Aragon por Equipos 2009"]
[Site "Aragon"]
[Date "2009.02.07"]
[Round "3.3"]
[White "Cortes Lizano Jesus"]
[Black "Jimenez Fernandez Alejandro"]
[Result "1-0"]
[WhiteElo "2231"]
[BlackElo "1984"]

1.c4 e5 2.Nc3 Nc6 3.g3 g6 4.Bg2 Bg7 5.Nf3 f5 6.d3 d6 7.O-O Nf6 8.Bg5 O-O 9.Rb1
h6 10.Bxf6 Qxf6 11.Nd2 g5 12.b4 f4 13.b5 Nd4 14.Nd5 Qf7 15.Nb3 Nxb3 16.Qxb3
Kh8 17.Qa3 Bg4 18.Nc3 f3 19.exf3 Bxf3 20.Bxf3 Qxf3 21.Ne4 g4 22.Rbe1 h5 23.Qb3
Rad8 24.Qd1 Bh6 25.Nc3 Qxd1 26.Rxd1 c6 27.Rfe1 Rf5 28.Re2 d5 29.bxc6 bxc6 30.
Rde1 Bg7 31.Na4 dxc4 32.dxc4 Rd4 33.Re4 Rd2 34.R1e2 Rd1+ 35.Kg2 Rf8 36.h3
gxh3+ 37.Kxh3 Kh7 38.Nc5 Rd6 39.Kg2 Kg6 40.Rb2 Rd4 41.Rc2 Rxe4 42.Nxe4 Kf5 43.
f3 Rb8 44.Rd2 Bf8 45.Rd7 Rb2+ 46.Kh3 Ba3 47.Rxa7 Rxa2 48.Ra6 Ra1 49.Rxc6 Be7
50.Rh6 h4 51.Rh5+ Ke6 52.Rh6+ Kf5 53.Rh7 Ke6 54.gxh4 Rc1 55.Rh6+ Kd7 56.Kg4
Rxc4 57.Kf5 Rc1 58.Kxe5 Rh1 59.h5 Ke8 60.f4 Kf7 61.Rh7+ Kf8 62.Kf5 Ba3 63.Kg6
Rg1+ 64.Ng5 Bc1 65.h6 Ke8 66.Rf7 1-0

[Event "Campeonato de Aragon por Equipos 2009"]
[Site "Aragon"]
[Date "2009.02.07"]
[Round "3.4"]
[White "Garcia Monterde Francisco Jose"]
[Black "Maza Broto Pablo"]
[Result "0-1"]
[WhiteElo "1980"]
[BlackElo "1929"]

1.c4 Nf6 2.g3 e5 3.Bg2 Nc6 4.Nf3 d5 5.cxd5 Nxd5 6.d3 Bc5 7.O-O O-O 8.Nc3 Be6
9.a3 f6 10.Ne4 Bb6 11.b4 a5 12.Nc5 Bxc5 13.bxc5 b5 14.cxb6 cxb6 15.Bb2 Qd7 16.
e4 Nc7 17.d4 exd4 18.Nxd4 Nxd4 19.Qxd4 Rfd8 20.Rfd1 Qxd4 21.Rxd4 Nb5 22.Rxd8+
Rxd8 23.Bf1 Nd4 24.Kg2 Nb3 25.Re1 Rd2 26.Re2 Bc4 27.Rxd2 Bxf1+ 28.Kxf1 Nxd2+
29.Ke2 Nxe4 30.Ke3 Nd6 31.Kd4 Kf7 32.Kd5 Ke7 33.Bd4 Kd7 34.Bxb6 Nb5 35.Bxa5
Nxa3 0-1

[Event "Campeonato de Aragon por Equipos 2009"]
[Site "Aragon"]
[Date "2009.02.07"]
[Round "3.5"]
[White "Adla Diego"]
[Black "Hernandez Delgado Gabriel"]
[Result "1-0"]
[WhiteElo "2508"]
[BlackElo "2023"]

1.c4 g6 2.g3 Bg7 3.Bg2 d6 4.Nc3 e5 5.e3 f5 6.Nge2 Nf6 7.O-O Nc6 8.d3 O-O 9.b3
Ne7 10.Ba3 Re8 11.Qd2 c6 12.Rae1 Be6 13.d4 Qa5 14.Bxd6 e4 15.Nxe4 Qd8 16.Nxf6+
Bxf6 17.Ba3 Qd7 18.Nf4 Bf7 19.Nd3 Rad8 20.h3 Nc8 21.Kh2 Nd6 22.Qc2 Qc7 23.f4
Qa5 24.Bb4 Qc7 25.Ne5 Kg7 26.a4 Rc8 27.Re2 Be6 28.Rd1 Bg8 29.Bf3 Be7 30.Bc3
Bf6 31.g4 Be6 32.e4 fxe4 33.Bxe4 Nxe4 34.Qxe4 g5 35.Rde1 b5 36.axb5 cxb5 37.d5
Bf7 38.fxg5 Bxg5 39.Qf5 Bf6 40.g5 Bxe5+ 41.Bxe5+ Rxe5 42.Rxe5 bxc4 43.Qf6+ Kg8
44.d6 Qd8 45.Re7 Qf8 46.d7 Rd8 47.Rxf7 1-0

[Event "Campeonato de Aragon por Equipos 2009"]
[Site "Aragon"]
[Date "2009.02.07"]
[Round "3.6"]
[White "De la Riva Fernandez Eduardo"]
[Black "Glavina Rossi Pablo"]
[Result "0-1"]
[WhiteElo "1972"]
[BlackElo "2465"]

1.e4 e5 2.Nc3 Nc6 3.f4 Bc5 4.Nf3 d6 5.Na4 Nf6 6.d3 Bb6 7.Nxb6 axb6 8.Be2 Bg4
9.O-O Qe7 10.c3 h6 11.b4 exf4 12.Bxf4 Ne5 13.d4 Ng6 14.Bb5+ Kf8 15.e5 Nxf4 16.
exf6 Qe3+ 17.Kh1 c6 18.Qd2 Nd5 19.Bc4 Bxf3 20.fxg7+ Kxg7 21.Qf2 Qxf2 22.Rxf2
Be4 23.Raf1 f5 24.Bxd5 cxd5 25.Kg1 Kf6 0-1

[Event "Campeonato de Aragon por Equipos 2009"]
[Site "Aragon"]
[Date "2009.02.07"]
[Round "3.7"]
[White "Moreno Gracia Daniel"]
[Black "Machin Torcal Eduardo"]
[Result "1-0"]
[WhiteElo "2212"]
[BlackElo "1896"]

1.c4 c5 2.Nf3 g6 3.d4 Bg7 4.e4 cxd4 5.Nxd4 d6 6.Nc3 Nf6 7.Be2 O-O 8.O-O Nc6 9.
Nc2 b6 10.Be3 Bb7 11.Qd2 Qc8 12.f3 Ne5 13.b3 Nc6 14.Rac1 Qd7 15.Rfd1 Rfd8 16.
Bh6 Rab8 17.Bxg7 Kxg7 18.Ne3 Qe8 19.Ncd5 Nxd5 20.cxd5 Ne5 21.f4 Nd7 22.Bb5
Rdc8 23.f5 Qd8 24.Bxd7 Qxd7 25.Ng4 Qd8 26.Rf1 Qf8 27.f6+ Kh8 28.fxe7 Qxe7 29.
Qd4+ f6 30.Rxc8+ Rxc8 31.Rxf6 Qg7 32.Nh6 Ba6 33.h3 Rc1+ 34.Kh2 Rc8 35.Nf7+ Kg8
36.Nxd6 Rd8 37.Qe5 Qc7 38.Qe6+ Kh8 39.e5 1-0

[Event "Campeonato de Aragon por Equipos 2009"]
[Site "Aragon"]
[Date "2009.02.07"]
[Round "3.8"]
[White "Requena Munguira Jorge"]
[Black "Quintin Navarro Alberto"]
[Result "1/2-1/2"]
[WhiteElo "1859"]
[BlackElo "2098"]

1.d4 Nf6 2.c4 e6 3.Nc3 Bb4 4.Bd2 b6 5.Nf3 Bb7 6.e3 O-O 7.a3 Bxc3 8.Bxc3 Ne4 9.
Bd3 d6 10.O-O Nxc3 11.bxc3 Qe7 12.Nd2 e5 13.Qc2 g6 14.f4 f5 15.e4 fxe4 16.Bxe4
Bxe4 17.Qxe4 Nd7 18.f5 gxf5 19.Rxf5 Rxf5 20.Qxf5 Rf8 21.Qg4+ Qg7 22.Qxg7+ Kxg7
23.Rf1 Rxf1+ 24.Kxf1 Kg6 25.Ke2 Kf5 26.Kf3 Nf6 27.h3 h5 28.g3 c5 29.d5 e4+ 30.
Ke3 b5 31.Ke2 Ke5 32.cxb5 Kxd5 33.Ke3 Ke5 34.Nc4+ Ke6 35.a4 Kd7 36.a5 d5 37.b6
axb6 38.Nxb6+ Kc6 39.Na4 Kb5 40.a6 Kxa6 41.Nxc5+ Kb5 42.Kd4 e3 43.Nd3 e2 44.
Ke3 Kc4 45.Kxe2 Kxc3 46.Nf2 d4 47.g4 Kc2 48.g5 Nd5 49.Kf3 d3 50.g6 Ne7 51.g7
d2 52.Kf4 Kb3 53.Kg5 Kc4 54.Kf6 Ng8+ 55.Kf7 Nh6+ 56.Kg6 Ng8 57.Kxh5 Kd5 58.Kg6
Ke6 59.h4 Ne7+ 60.Kh7 Kf7 61.h5 Ng8 62.Kh8 Nh6 63.Ng4 Ng8 64.Ne3 Nh6 65.Kh7
Ng8 66.Nd1 Nf6+ 67.Kh8 Ng8 68.Ne3 Nh6 69.Kh7 Ng8 70.h6 Ne7 1/2-1/2

[Event "Campeonato de Aragon por Equipos 2009"]
[Site "Aragon"]
[Date "2009.02.07"]
[Round "3.9"]
[White "Chueca Forcen Alberto"]
[Black "Llorente Zaro Alfonso"]
[Result "0-1"]
[WhiteElo "2278"]
[BlackElo "2403"]

1.d4 Nf6 2.c4 g6 3.Nc3 d6 4.e4 Bg7 5.Be2 O-O 6.f4 c5 7.Nf3 cxd4 8.Nxd4 Nc6 9.
Be3 Bd7 10.O-O Nxd4 11.Bxd4 Bc6 12.Bf3 Nd7 13.Bxg7 Kxg7 14.Qd4+ Kg8 15.Rad1
Qb6 16.b3 Rfc8 17.Qxb6 Nxb6 18.Rd4 Rc7 19.Kf2 a5 20.a4 Nd7 21.Bd1 Nc5 22.Ke3
Rd8 23.Bc2 Kf8 24.g3 e6 25.h4 f5 26.Rb1 Re7 27.b4 axb4 28.Rxb4 fxe4 29.Nxe4 e5
30.Rxd6 exf4+ 31.Kd4 Ne6+ 32.Ke5 Bxe4 33.Rxe6 Rxe6+ 34.Kxe6 Bxc2 35.gxf4 Be4
36.c5 Bc6 37.h5 Kg7 38.hxg6 hxg6 39.Ke7 Ra8 40.f5 gxf5 41.Rf4 Be4 42.Kd6 Rxa4
43.Kc7 Kf6 0-1

[Event "Campeonato de Aragon por Equipos 2009"]
[Site "Aragon"]
[Date "2009.02.07"]
[Round "3.10"]
[White "Ramon Perez Jose Luis"]
[Black "Melendez Fierro Juan Bautista"]
[Result "1/2-1/2"]
[WhiteElo "2315"]
[BlackElo "2249"]

1.e4 e6 2.b3 c5 3.Bb2 Nc6 4.Nf3 d6 5.Bb5 Bd7 6.O-O Nf6 7.Re1 Be7 8.d4 cxd4 9.
Nxd4 Qc7 10.c4 O-O 11.Nc3 Rad8 12.Rc1 Nxd4 13.Qxd4 Qc5 14.Qxc5 dxc5 15.e5 Ng4
16.h3 Nh6 17.Rcd1 Bxb5 18.Nxb5 Nf5 19.f4 a6 20.Nc3 Nd4 21.Re3 Nc2 22.Red3 Rxd3
23.Rxd3 Rd8 24.Rxd8+ Bxd8 25.Kf2 f5 26.Ke2 Nb4 27.Bc1 b6 28.Be3 Kf7 29.Kd2 h6
30.a3 Nc6 31.Na4 Ke7 32.Kc3 a5 33.Kd3 Kd7 34.Nc3 Na7 35.g4 g6 36.Ke2 Ke7 37.
Bf2 Kf7 38.Kd3 Ke8 39.Ne2 Nc6 40.Nc3 Na7 41.Be1 Kd7 42.Bg3 Ke8 43.Na4 Nc6 44.
Bf2 Kf7 1/2-1/2

[Event "Campeonato de Aragon por Equipos 2009"]
[Site "Aragon"]
[Date "2009.02.07"]
[Round "3.11"]
[White "Hernando Garcia Antonio"]
[Black "Delgado Salcedo Eduardo"]
[Result "0-1"]
[WhiteElo "2202"]
[BlackElo "2222"]

1.Nf3 e6 2.c4 f5 3.g3 Nf6 4.Bg2 d5 5.d4 Bb4+ 6.Bd2 Be7 7.O-O O-O 8.b3 c6 9.Nc3
Qe8 10.Ne5 Nbd7 11.Nxd7 Bxd7 12.f4 c5 13.cxd5 cxd4 14.dxe6 Bxe6 15.Na4 Bd5 16.
Bxd5+ Nxd5 17.Nb2 Qh5 18.Nd3 Rf6 19.Ne5 Rd8 20.Qe1 Rh6 21.Qf2 Nf6 22.Rfd1 Bc5
23.Rac1 Bb6 24.h4 d3 25.e3 Ne4 26.Qe1 Qe2 27.Nc4 Rg6 28.Nxb6 Rxg3+ 29.Qxg3
Nxg3 30.Nc4 Ne4 31.Be1 d2 32.Nxd2 Nxd2 33.Bxd2 Rxd2 34.Rc8+ Kf7 35.Rc7+ Kg6
36.Rxd2 Qxd2 37.Re7 Qxa2 0-1

[Event "Campeonato de Aragon por Equipos 2009"]
[Site "Aragon"]
[Date "2009.02.07"]
[Round "3.12"]
[White "Valiente Gimenez Jose Luis"]
[Black "Palacios Latasa Elias"]
[Result "1/2-1/2"]
[WhiteElo "2117"]
[BlackElo "2192"]

1.d4 Nf6 2.c4 e5 3.dxe5 Ng4 4.Nf3 Bc5 5.e3 Nc6 6.a3 a5 7.Be2 O-O 8.O-O Ncxe5
9.Nxe5 Nxe5 10.Nd2 Re8 11.Nf3 Nxf3+ 12.Bxf3 a4 13.Bd2 d6 14.Bc3 Qh4 15.g3 Qh6
16.Bd4 Bxd4 17.Qxd4 Ra5 18.Rac1 Rc5 19.Rfd1 b6 20.Qf4 Qxf4 21.gxf4 Be6 22.Bd5
Bg4 23.Rd4 c6 24.Bg2 Rd8 25.e4 f6 26.Rc3 Be6 27.Bf3 Kf8 28.Bd1 Ra5 29.Kg2 Ke7
30.Rg3 g6 31.Be2 Bf7 32.Re3 Rc5 33.Kf1 b5 34.Rc3 Rc8 35.f3 Be6 36.Kf2 Rb8 37.
cxb5 cxb5 38.Ke3 Rbc8 39.Rdd3 Bc4 40.Rd2 Bxe2 41.Rxc5 Rxc5 42.Kxe2 Ke6 43.Kd3
d5 44.Rc2 dxe4+ 45.fxe4 Rh5 46.Kd4 Kd6 47.Re2 Rh4 48.Rf2 Rg4 49.Ke3 Rg1 50.
Rd2+ Ke6 1/2-1/2

[Event "Campeonato de Aragon por Equipos 2009"]
[Site "Aragon"]
[Date "2009.02.07"]
[Round "3.13"]
[White "Guzman Moneo Alberto"]
[Black "Colas Longares Rafael P"]
[Result "0-1"]
[WhiteElo "2231"]
[BlackElo "2330"]

1.d4 Nf6 2.Nf3 c5 3.e3 e6 4.Bd3 Nc6 5.O-O d5 6.b3 Qc7 7.Bb2 cxd4 8.exd4 Nb4 9.
Ne5 Bd7 10.Nc3 Be7 11.Be2 O-O 12.f4 Rfd8 13.Rf3 Rac8 14.Rh3 Be8 15.a3 Nc6 16.
Bd3 g6 17.Ne2 Ne4 18.Qe1 Nxe5 19.fxe5 f5 20.Nf4 Qb6 21.Bxe4 dxe4 22.c4 Rxd4
23.Bxd4 Qxd4+ 24.Kh1 Qxe5 25.Nd3 Qg7 26.Nf4 Qe5 27.Nd3 Qf6 28.Nb4 f4 29.Rd1 e3
30.Rf3 g5 31.Qe2 a5 32.Nc2 Bc6 33.Rff1 Qg6 34.Nd4 Be4 35.Nf3 g4 36.Ne5 Qg5 37.
Nxg4 h5 38.Nxe3 fxe3 39.Rd4 Bc6 40.Rd3 Bc5 41.b4 axb4 42.axb4 Bxb4 43.Rxe3 h4
44.Re5 Qg7 45.Rf4 Ra8 46.h3 Ra1+ 0-1

[Event "Campeonato de Aragon por Equipos 2009"]
[Site "Aragon"]
[Date "2009.02.07"]
[Round "3.14"]
[White "Garcia Vicente Nieves"]
[Black "Montes Santos Lorenzo"]
[Result "1-0"]
[WhiteElo "2228"]
[BlackElo "2089"]

1.d4 Nf6 2.c4 c5 3.d5 b5 4.cxb5 d6 5.Nc3 g6 6.e4 Bg7 7.Nf3 O-O 8.a4 a6 9.Ra3
e6 10.dxe6 Bxe6 11.Be2 axb5 12.Bxb5 Qb6 13.O-O Rd8 14.Ng5 Nc6 15.Nxe6 fxe6 16.
Bd3 Rab8 17.Nb5 Kh8 18.Bg5 Ne5 19.Qe2 Nf7 20.Bf4 Nh5 21.Be3 Qb7 22.f3 Ne5 23.
Rd1 Qe7 24.Bb1 d5 25.g4 d4 26.Bc1 Nf6 27.Kg2 Rxb5 28.axb5 c4 29.h3 Qc5 30.Be3
h6 31.Bf2 Kh7 32.f4 Nf7 33.Ba2 c3 34.Bxe6 cxb2 35.Rb3 Nd6 36.Bxd4 Qc1 37.Be3
1-0

[Event "Campeonato de Aragon por Equipos 2009"]
[Site "Aragon"]
[Date "2009.02.07"]
[Round "3.15"]
[White "Cerrajeria Ruiz Jesus Maria"]
[Black "Cabrera Moreno Daniel"]
[Result "0-1"]
[WhiteElo "2079"]
[BlackElo "2207"]

1.c4 Nf6 2.Nc3 c5 3.g3 d5 4.cxd5 Nxd5 5.Bg2 Nc7 6.Qa4+ Qd7 7.Nf3 Qxa4 8.Nxa4
Nba6 9.O-O Bd7 10.b3 f6 11.Ba3 e5 12.Rac1 b6 13.e3 Rd8 14.d4 cxd4 15.Bxf8 Rxf8
16.exd4 Bxa4 17.bxa4 exd4 18.Rfd1 d3 19.Rc6 Rf7 20.Ne1 Nc5 21.a5 Nd5 22.axb6
axb6 23.Bxd5 Rxd5 24.Rxb6 Ra7 25.Rb2 Ra3 26.Rbd2 g5 27.f3 h5 28.Ng2 Kf7 29.Ne3
Rd8 30.Rc1 Ne6 31.Nc4 Ra4 32.Kf2 Rd4 33.Ne3 g4 34.f4 Ra3 35.Rc8 Rda4 36.Nc4
Rxa2 37.Ke3 Rxd2 38.Nxd2 Ra1 39.f5 Ng7 40.Rc7+ Kg8 41.Ne4 Nxf5+ 42.Kxd3 Ra6
43.Rc5 Ng7 44.Ke3 Ra3+ 45.Nc3 Kf7 46.Ke4 Kg6 47.Ne2 Ne6 48.Rc6 Ng5+ 49.Kd5 Nh3
50.Nc3 Ra1 51.Ne4 Rf1 52.Rc8 Ng5 53.Nxg5 Kxg5 54.Rg8+ Kf5 55.Rh8 Rd1+ 56.Kc4
Kg6 57.Rg8+ Kh7 58.Ra8 Rd2 0-1

[Event "Campeonato de Aragon por Equipos 2009"]
[Site "Aragon"]
[Date "2009.02.07"]
[Round "3.17"]
[White "Baron Rodriguez Jesus"]
[Black "Garza Marco Sergio"]
[Result "0-1"]
[WhiteElo "2422"]
[BlackElo "2386"]

1.e4 c5 2.Nf3 d6 3.d4 cxd4 4.Nxd4 Nf6 5.Nc3 g6 6.Be3 Bg7 7.f3 O-O 8.Qd2 Nc6 9.
O-O-O d5 10.Kb1 Nxd4 11.e5 Nf5 12.exf6 exf6 13.Bc5 d4 14.Bxf8 Qxf8 15.Nb5 Ne3
16.Re1 f5 17.f4 Qc5 18.c3 Nxf1 19.Re8+ Bf8 20.Rxf1 Qxb5 21.Rfe1 b6 22.Qxd4 Bb7
23.Rd8 Rxd8 24.Qxd8 Bxg2 25.h4 Be4+ 26.Ka1 Qd3 27.Qb8 Qd2 28.Rf1 Bg2 29.Rg1
Qe3 30.Rd1 Bf3 31.Rf1 a5 32.Qd8 Kg7 33.Qc7 Be7 34.a3 Bxh4 35.Qd6 Bf6 0-1

[Event "Campeonato de Aragon por Equipos 2009"]
[Site "Aragon"]
[Date "2009.02.07"]
[Round "3.18"]
[White "Llanes Luno Ricardo"]
[Black "Baron Rodriguez Jorge"]
[Result "1/2-1/2"]
[WhiteElo "2225"]
[BlackElo "2346"]

1.e4 c5 2.Nf3 d6 3.d4 Nf6 4.Nc3 cxd4 5.Qxd4 a6 6.e5 Nc6 7.Qa4 dxe5 8.Nxe5 Bd7
9.Nxd7 Qxd7 10.Be3 e6 11.Rd1 Qc7 12.Be2 Rc8 13.O-O Bd6 14.Qh4 O-O 15.Bg5 Be7
16.Rd3 Ne5 17.Bf4 Ng6 18.Bxc7 Nxh4 19.Bb6 Bc5 20.Bxc5 Rxc5 21.Rfd1 g5 22.Rd8
Rc8 23.Rxc8 Rxc8 24.g3 Nf5 25.Bd3 Ne7 26.Ne4 Nxe4 27.Bxe4 Rc4 28.Bxb7 Rxc2 29.
Bxa6 Rxb2 30.a4 Ra2 31.Bb5 Kg7 32.Rd7 Nf5 33.Ra7 g4 34.Bc4 Ra1+ 35.Kg2 Nd4 36.
h3 h5 37.hxg4 hxg4 38.a5 Ra4 39.Bd3 Nc6 40.Ra6 Nb4 41.Bb5 Ra1 42.Ra7 Nc2 43.
Be2 Ne1+ 44.Kh2 Nf3+ 45.Bxf3 gxf3 46.g4 Kg6 47.Kg3 Ra3 1/2-1/2

[Event "Campeonato de Aragon por Equipos 2009"]
[Site "Aragon"]
[Date "2009.02.07"]
[Round "3.19"]
[White "Forcen Esteban Daniel"]
[Black "Neila Castillo Miguel Angel"]
[Result "1/2-1/2"]
[WhiteElo "2169"]
[BlackElo "2092"]

1.e4 d5 2.exd5 Qxd5 3.Nc3 Qa5 4.Bc4 Nf6 5.Qe2 c6 6.Nf3 Bf5 7.d3 Nbd7 8.O-O e6
9.Nd4 O-O-O 10.Bf4 Bg4 11.Qd2 Nb6 12.Qe3 Qc5 13.Be5 Nxc4 14.dxc4 Nd7 15.Bg3 e5
16.Nb3 Qxe3 17.fxe3 f6 18.a3 Nb6 19.Na5 Rd2 20.Rf2 Rd7 21.b4 c5 22.Ne4 cxb4
23.axb4 Bxb4 24.c5 Bxa5 25.Rxa5 Nc4 26.Rxa7 Kb8 27.Ra1 Nxe3 28.Nd6 Be6 29.Ra4
Rc7 30.Rf3 Nxc2 31.Rc3 Nd4 32.Rca3 Rxc5 33.Ra8+ Kc7 34.Rxh8 Kxd6 35.Rxh7 Rc7
36.h4 b5 37.Rh8 b4 38.Ra6+ Kc5 39.Rb8 Ne2+ 40.Kh2 Nd4 41.Bf2 Bc4 42.Ra5+ Kd6
43.Rxb4 Nc6 44.Rb6 Kd7 45.Rc5 Be6 46.Rc3 Bf5 47.Rb2 Ke7 48.Bb6 Rc8 49.Bc5+ Ke6
50.Rb7 g6 51.Ba3 Be4 52.g4 f5 53.gxf5+ Kxf5 54.Bc1 Ra8 55.Rf7+ Ke6 56.Rf2 Nd4
57.Ra3 Rh8 58.Bg5 Bf5 59.Ra6+ Kd5 60.Bf6 Rb8 61.Ra5+ Rb5 62.Rxb5+ Nxb5 63.Re2
e4 64.Kg3 Nc7 65.Rd2+ Ke6 1/2-1/2

[Event "Campeonato de Aragon por Equipos 2009"]
[Site "Aragon"]
[Date "2009.02.07"]
[Round "3.20"]
[White "Roche Simon Miguel Angel"]
[Black "Antolin Concha Diego"]
[Result "1/2-1/2"]
[WhiteElo "2062"]
[BlackElo "2122"]

1.e4 c5 2.Nf3 Nc6 3.d4 cxd4 4.Nxd4 Nf6 5.Nc3 e5 6.Ndb5 d6 7.Bg5 a6 8.Na3 b5 9.
Nd5 Be7 10.Bxf6 Bxf6 11.c3 O-O 12.Nc2 Bg5 13.a4 bxa4 14.Rxa4 a5 15.Bc4 Rb8 16.
b3 Kh8 17.Nce3 Bxe3 18.Nxe3 Be6 19.O-O Qc7 20.Ra2 Rfd8 21.Nd5 Qa7 22.b4 Qd7
23.bxa5 Qa7 24.Qd3 Qc5 25.Rfa1 f5 26.h3 fxe4 27.Qxe4 Bf5 28.Qe2 Rb1+ 29.Rxb1
Bxb1 30.Rb2 Nxa5 31.Ne3 Nxc4 32.Qxc4 Bg6 33.Qxc5 dxc5 34.Rb5 Rc8 35.Nc4 Bd3
36.Nd6 Bxb5 37.Nxc8 Kg8 38.f3 Bd3 39.Nb6 e4 40.Kf2 exf3 41.Kxf3 Bb5 42.g3 Kf7
43.Kf4 Ke6 44.c4 Bc6 45.Nc8 Kd7 46.Na7 Bg2 47.Ke5 Kc7 48.h4 Kb6 49.Nb5 Ka5 50.
Ke6 Bf1 51.Nd6 Kb4 52.Kf7 Bxc4+ 53.Kxg7 h5 54.Kf6 Be2 55.Ke5 Kc3 56.Ke4 c4 57.
Ke3 Bg4 58.Ne4+ Kc2 59.Kd4 Be2 60.Nc3 Kd2 61.Ne4+ Kc2 62.Nc3 Bf1 63.Nd5 Kb3
64.Nc3 Bh3 65.Ne4 Kb4 66.Nc3 Be6 67.Ne4 Bf7 68.Nc3 Kb3 69.Ne4 Kb2 70.Nc3 Bg8
71.Ne4 Kc2 72.Nf6 Bf7 73.Nxh5 Bxh5 74.Kxc4 Kd2 75.Kd4 Bf3 76.Ke5 Ke3 77.Kf5
Be4+ 78.Kg5 Kd4 79.Kf6 Bf3 80.Kf5 Kd5 81.g4 Bxg4+ 82.Kxg4 Ke6 1/2-1/2

[Event "Campeonato de Aragon por Equipos 2009"]
[Site "Aragon"]
[Date "2009.02.07"]
[Round "3.21"]
[White "Lafarga Santorroman David"]
[Black "Villuendas Valero Adrian"]
[Result "1/2-1/2"]
[WhiteElo "2261"]
[BlackElo "2195"]

1.d4 Nf6 2.c4 g6 3.Nc3 Bg7 4.Nf3 O-O 5.Bg5 d6 6.e3 c6 7.Be2 a6 8.O-O b5 9.b4
Bb7 10.Qb3 Nbd7 11.Rfd1 bxc4 12.Bxc4 Nb6 13.Be2 Nbd5 14.Nxd5 cxd5 15.Nd2 Qd7
16.Rac1 Bc6 17.Qb2 Rfb8 18.Rc3 Bb5 19.Bf3 e6 20.Rdc1 Ne8 21.Nb3 Ba4 22.Na5 Rb6
23.a3 Rab8 24.Qd2 h6 25.Bh4 Bb5 26.h3 Kh7 27.Bd1 f5 28.Bb3 Ba4 29.Qc2 Bxb3 30.
Qxb3 Qf7 31.f4 g5 32.Bg3 e5 33.dxe5 dxe5 34.fxe5 f4 35.exf4 gxf4 36.Bf2 Bxe5
37.Bxb6 Bxc3 38.Rxc3 Rxb6 39.Rd3 Nf6 40.Qc2 Kg7 41.Qf2 Qa7 42.Nc6 Qc7 43.Nd4
Kh7 44.Qc2 Qxc2 45.Nxc2 Rc6 46.Nd4 Rc1+ 47.Kf2 Ne4+ 48.Ke2 Rg1 49.Ne6 Rxg2+
50.Ke1 Rg1+ 51.Ke2 Rg2+ 1/2-1/2

[Event "Campeonato de Aragon por Equipos 2009"]
[Site "Aragon"]
[Date "2009.02.07"]
[Round "3.22"]
[White "Cantin Zaborras Valentin"]
[Black "Valles Mata David"]
[Result "0-1"]
[WhiteElo "2117"]
[BlackElo "2147"]

1.e4 c5 2.Nc3 Nc6 3.g3 g6 4.Bg2 Bg7 5.d3 d6 6.Be3 e5 7.Qd2 Nf6 8.Bh6 O-O 9.
O-O-O Nd4 10.h4 Be6 11.Bxg7 Kxg7 12.f4 b5 13.f5 b4 14.Nce2 Bxa2 15.h5 Nxh5 16.
g4 Nb3+ 17.cxb3 Bxb3 18.Rxh5 gxh5 19.Rf1 hxg4 20.Ng3 f6 21.Nh5+ Kh8 22.Ne2 c4
23.d4 Qa5 24.Qh6 Rf7 25.Nxf6 c3 0-1

[Event "Campeonato de Aragon por Equipos 2009"]
[Site "Aragon"]
[Date "2009.02.07"]
[Round "3.23"]
[White "Alsina Franco Sergi"]
[Black "Valiente Roy Jose Javier"]
[Result "0-1"]
[WhiteElo "2112"]
[BlackElo "2088"]

1.e4 c6 2.d4 d5 3.exd5 cxd5 4.c4 Nf6 5.Nc3 Nc6 6.Bg5 Be6 7.c5 Ne4 8.Be3 g6 9.
Bd3 Nxc3 10.bxc3 b6 11.Bb5 Bd7 12.Qa4 Qc8 13.Nf3 Bg7 14.Rb1 bxc5 15.Ba6 Nxd4
16.cxd4 Bxa4 17.Bxc8 Rxc8 18.dxc5 e5 19.Rb7 a6 20.Rb4 Bc6 21.O-O O-O 22.Re1 d4
23.Bd2 Bxf3 24.gxf3 Rxc5 25.Rb6 Rc2 26.Bb4 Ra8 27.a3 a5 28.Bd6 d3 29.Rd1 d2
30.Kf1 f6 31.Ke2 Bh6 32.Rb8+ Rxb8 33.Bxb8 a4 34.Bd6 Kf7 35.Bb4 Ke6 36.Rg1 Rc1
37.Rd1 Rxd1 38.Kxd1 Kd5 0-1

[Event "Campeonato de Aragon por Equipos 2009"]
[Site "Aragon"]
[Date "2009.02.07"]
[Round "3.24"]
[White "Martin Barbero Roberto"]
[Black "Rodriguez Alegre Oscar"]
[Result "1-0"]
[WhiteElo "2012"]
[BlackElo "1554"]

1.d4 g6 2.Nf3 e6 3.g3 Bg7 4.Bg2 d5 5.O-O Nc6 6.c3 Nf6 7.Bf4 Nh5 8.Be3 O-O 9.
Qd2 Ne7 10.Bh6 Nf6 11.Bxg7 Kxg7 12.Ne5 Nd7 13.Nd3 b6 14.c4 Bb7 15.Nc3 Rb8 16.
cxd5 exd5 17.Nf4 Nf6 18.Rac1 c6 19.b4 a6 20.a4 b5 21.a5 Rh8 22.Nd3 Nd7 23.e4
h5 24.exd5 Nxd5 25.Nxd5 cxd5 26.Nc5 Nxc5 27.dxc5 Qd7 28.c6 Bxc6 29.Qc3+ Kh6
30.Qxc6 Qg4 31.Qc5 Rhd8 32.h3 Qf5 33.Rfd1 Rbc8 34.Qe3+ Kh7 35.Rxc8 Rxc8 36.
Rxd5 Qb1+ 37.Kh2 Rc1 38.Qf4 Kg7 39.Rd7 Qf5 40.Qxf5 gxf5 41.Bb7 Rc2 42.Kg2 Rc4
43.Bxa6 Rxb4 44.Bb7 Ra4 45.a6 b4 46.Rd5 Kg6 47.Rb5 f6 48.f4 Ra2+ 49.Kf3 Ra3+
50.Ke2 b3 51.Kd2 b2 52.Rxb2 Rxg3 53.a7 1-0

[Event "Campeonato de Aragon por Equipos 2009"]
[Site "Aragon"]
[Date "2009.02.07"]
[Round "3.25"]
[White "Martinez Catalin Francisco Javier"]
[Black "Lopez Gracia Fernando"]
[Result "1/2-1/2"]
[WhiteElo "2261"]
[BlackElo "2297"]

1.d4 d5 2.c4 c6 3.Nc3 Nf6 4.Bg5 dxc4 5.a4 Qa5 6.Nf3 Be6 7.Bd2 Qd8 8.e4 Na6 9.
Be3 Qa5 10.Ng5 Nc7 11.Nxe6 Nxe6 12.Bxc4 Nxe4 13.Bxe6 fxe6 14.Qb3 Nd6 15.O-O
Qf5 16.a5 g6 17.Na4 Qd5 18.Qc2 Bg7 19.Rfc1 Rc8 20.Qe2 Bxd4 21.Bxd4 Qxd4 22.Nc5
Qd5 23.Ra3 O-O 24.Rd3 Qf5 25.Rf3 Qd5 26.Rd3 1/2-1/2

[Event "Campeonato de Aragon por Equipos 2009"]
[Site "Aragon"]
[Date "2009.02.07"]
[Round "3.26"]
[White "Gimenez Martinez Alberto"]
[Black "Solano Lasierra Javier"]
[Result "0-1"]
[WhiteElo "2090"]
[BlackElo "2144"]

1.e4 e6 2.d4 d5 3.e5 c5 4.c3 Nc6 5.Nf3 Bd7 6.Bd3 Nge7 7.dxc5 Ng6 8.Bxg6 hxg6
9.Be3 Qc7 10.Bd4 b6 11.cxb6 axb6 12.O-O Na5 13.Nbd2 Bb5 14.Re1 Be7 15.a4 Bd7
16.b3 O-O 17.Qe2 Rfb8 18.Rec1 Qd8 19.h3 Nc6 20.Rab1 Bc5 21.Qe3 Nxd4 22.cxd4
Bb4 23.Rc2 b5 24.axb5 Bxb5 25.Ng5 Be7 26.Ndf3 Bd7 27.Rbc1 Rc8 28.h4 Rxc2 29.
Rxc2 Rc8 30.Rxc8 Qxc8 31.Kh2 f6 32.Nh3 Kf7 33.Nf4 Qc2 34.Qd3 Qxd3 35.Nxd3 Bb5
36.Nfe1 Bd8 37.Kg3 Bb6 38.Nc5 fxe5 39.b4 exd4 40.Nf3 Bc7+ 41.Kg4 e5 42.Ng5+
Ke7 43.Nge6 Bd6 44.f4 d3 45.fxe5 Bxc5 0-1

[Event "Campeonato de Aragon por Equipos 2009"]
[Site "Aragon"]
[Date "2009.02.07"]
[Round "3.27"]
[White "Pellicer Cemeli Jose Luis"]
[Black "Arregui Untoria Carlos"]
[Result "1-0"]
[WhiteElo "2047"]
[BlackElo "2003"]

1.d4 Nf6 2.c4 e6 3.Nc3 Bb4 4.f3 b6 5.e4 d6 6.Qa4+ Bd7 7.Qxb4 Nc6 8.Qb3 Nxd4 9.
Qd1 Nc6 10.Nge2 O-O 11.Bg5 h6 12.Bh4 Qe7 13.Nd4 Ne5 14.Be2 a6 15.O-O c5 16.Nc2
Rfd8 17.Ne3 Bc6 18.f4 Ng6 19.Bxf6 Qxf6 20.f5 Qg5 21.Rf3 Ne5 22.Rg3 Qf6 23.Qf1
b5 24.cxb5 axb5 25.Bxb5 Bxb5 26.Nxb5 Rab8 27.a4 d5 28.fxe6 Qxf1+ 29.Rxf1 fxe6
30.exd5 exd5 31.Nf5 Rd7 32.Nxh6+ Kh7 33.Ng4 Nc4 34.Rf4 Rb6 35.b3 Nd2 36.Rd3
1-0

[Event "Campeonato de Aragon por Equipos 2009"]
[Site "Aragon"]
[Date "2009.02.07"]
[Round "3.28"]
[White "Cebollada Pacheco Jesus Raul"]
[Black "Felez Casedas Carlos"]
[Result "1/2-1/2"]
[WhiteElo "1992"]
[BlackElo "1990"]

1.e4 e5 2.Nf3 Nf6 3.Nxe5 d6 4.Nf3 Nxe4 5.Nc3 Nxc3 6.dxc3 Be7 7.Bf4 O-O 8.Qd2
Nd7 9.O-O-O Nc5 10.h4 Re8 11.Bd3 Bg4 12.Rdg1 Qd7 13.Nd4 Ne6 14.Be3 Nxd4 15.
Bxd4 c5 16.Be3 Bf8 17.f3 Qe6 18.fxg4 Qxe3 19.Qxe3 Rxe3 20.Kd2 Rae8 1/2-1/2

[Event "Campeonato de Aragon por Equipos 2009"]
[Site "Aragon"]
[Date "2009.02.07"]
[Round "3.29"]
[White "Ramiro Ovejero Juan Luis"]
[Black "Guetas Sanchez Hugo"]
[Result "1/2-1/2"]
[WhiteElo "2345"]
[BlackElo "2147"]

1.d4 g6 2.e4 Bg7 3.Nf3 d6 4.h3 Nf6 5.Bd3 Nc6 6.c3 e5 7.O-O O-O 8.Re1 Nd7 9.Bg5
Qe8 10.dxe5 Ndxe5 11.Nxe5 dxe5 12.Be3 Qe7 13.b4 Rd8 14.Qc2 b6 15.a4 a5 16.b5
Nb8 17.c4 Nd7 18.Nc3 Bb7 19.Nd5 Bxd5 20.cxd5 Bf8 21.g3 Qf6 22.h4 Bc5 23.Kg2
Bxe3 24.Rxe3 Qd6 25.h5 Nf6 26.Be2 Nd7 27.Rh1 Rf8 28.Bg4 Nc5 29.Rc3 f5 30.exf5
Qxd5+ 31.Kh2 gxf5 32.Bxf5 e4 33.Rxc5 Qxc5 34.Qa2+ Rf7 35.Be6 Qxh5+ 36.Kg1 Qd1+
37.Kh2 Qh5+ 38.Kg1 Qd1+ 1/2-1/2

[Event "Campeonato de Aragon por Equipos 2009"]
[Site "Aragon"]
[Date "2009.02.07"]
[Round "3.30"]
[White "Escuer Sanchez Nestor"]
[Black "Alonso Fernandez Revuelta Rodri"]
[Result "1-0"]
[WhiteElo "2089"]
[BlackElo "2129"]

1.e4 e6 2.d4 d5 3.Nd2 Nf6 4.e5 Nfd7 5.Bd3 c5 6.c3 b6 7.Nh3 Ba6 8.Bxa6 Nxa6 9.
O-O Nab8 10.Qg4 h5 11.Qg3 Nc6 12.Nf3 Ne7 13.Nh4 Qc7 14.Ng5 g6 15.h3 cxd4 16.
cxd4 Qc2 17.Qf4 Nf5 18.Be3 Bh6 19.Rac1 Qa4 20.Nxf5 exf5 21.Rc7 Rd8 22.e6 f6
23.Qd6 Bxg5 24.b3 Qb5 25.a4 1-0